Aeroportos Mais Movimentados do Sudeste - Statistics

Estatísticas Gerais
  • Esse quiz foi jogado 56 vezes
  • A pontuação média é 13 de 25
Estatísticas das Respostas
Embarques Resposta % Correto
SP 42 248 207 Aeroporto Internacional de São Paulo-Guarulhos
96%
SP 10 199 171 Aeroporto Internacional de Campinas-Viracopos
94%
RJ 13 518 783 Aeroporto Internacional Tom Jobim-Rio Galeão
94%
SP 22 281 896 Aeroporto de São Paulo - Congonhas
90%
ES 3 242 831 Aeroporto Internacional de Vitória
84%
RJ 8 933 777 Aeroporto do Rio de Janeiro-Santos Dumont
82%
MG 1.100.000 Aeroporto de Uberlândia Ten. Cel. Aviador César Bombonato
80%
MG 10 734 359 Aeroporto Internacional de Belo Horizonte-Confins
78%
SP 923.617 Aeroporto Estadual Dr. Leite Lopes - Ribeirão Preto
68%
MG 88.630 Aeroporto de Uberaba
62%
MG 100 952 Aeroporto de Montes Claros
54%
SP 212.573 Aeroporto Internacional Professor Urbano Ernesto Stumpf - São José dos Campos
50%
SP 319 059 Aeroporto Estadual de Presidente Prudente
46%
MG 86.950 Aeroporto de Governador Valadares
42%
MG 148 854 Aeroporto de Belo Horizonte - Pampulha
40%
SP 115.671 Aeroporto Estadual de Araçatuba
38%
SP 69.333 Aeroporto de Bauru/Arealva
34%
SP 77.776 Aeroporto de Sorocaba
34%
MG 104.025 Aeroporto do Vale do Aço/Ipatinga
34%
SP 118 872 Aeroporto de São Paulo - Campo de Marte
32%
RJ 216 254 Aeroporto de Macaé
30%
RJ 134 247 Aeroporto Roberto Marinho - Jacarepaguá
28%
MG 80.092 Aeroporto de Varginha
16%
MG 47.931 Aeroporto Zona da Mata - Itamar Franco
12%
SP 768.117 Aeroporto de São José do Rio Preto
8%
Nenhum quiz correspondente encontrado
Distribuição das Pontuações
Porcentagem de Pessoas com Cada Pontuação
Percentil de Números Respondidos
Sua Pontuação Histórica
Você não jogou esse quiz